Company Law & Practice (Record no. 9026)

MARC details
000 -LEADER
fixed length control field 00396nam a22001697a 4500
005 - DATE AND TIME OF LATEST TRANSACTION
control field 20250805124040.0
008 - FIXED-LENGTH DATA ELEMENTS--GENERAL INFORMATION
fixed length control field 250805b |||||||| |||| 00| 0 eng d
020 ## - INTERNATIONAL STANDARD BOOK NUMBER
International Standard Book Number 9789357788922
041 ## - LANGUAGE CODE
Language English
082 ## - DEWEY DECIMAL CLASSIFICATION NUMBER
Classification number 346.066 KAP
100 ## - MAIN ENTRY--PERSONAL NAME
Main Author Name Kapoor, G.K.
245 ## - TITLE STATEMENT
Title Company Law & Practice
260 ## - PUBLICATION, DISTRIBUTION, ETC.
Place of publication Newdelhi
publisher Name Taxmann
Date of publication 2023
300 ## - PHYSICAL DESCRIPTION
Number Of Page 1150 p
650 ## - SUBJECT ADDED ENTRY--TOPICAL TERM
Subject Company Law
942 ## - ADDED ENTRY ELEMENTS (KOHA)
Koha item type Donated Book
Holdings
Lost status Source of classification or shelving scheme Not for loan Home library Current library Date last seen Koha item type School Total Checkouts Full call number Barcode Date due Date last checked out Price effective from Withdrawn status Date acquired Source of acquisition Net Amount
  Dewey Decimal Classification   BSOL BSOL 06/01/2026 Donated Book School of Law 1 346.066 KAP G706 30/06/2026 06/01/2026 05/08/2025   05/08/2025 S.K. Nanda 1495

Maintained and Designed by
2cqr automation private limited, Chennai. All Rights Reserved.

You are Visitor Number

PHP Hits Count